000 00293nam a2200133Ia 4500
100 _aVecchio/ E.J.D.
490 _v1
942 _cBK
654 _amanual
245 _aResistance welding manual
260 _bRisistance welder mfg.
_aPhiladelphia
_c1969
300 _a625
546 _aENGLISH
999 _c25249
_d25249